[Event "Fredrikstad CC-ch"]
[Site "Fredrikstad"]
[Date "2003.03.05"]
[Round "6"]
[White "Engebretsen, Terje Ulstrup"]
[Black "Soliman, Thomas"]
[Result "1/2-1/2"]
[WhiteElo "1064"]
[BlackElo "849"]
[PlyCount "93"]
[EventDate "2003.01.??"]
[EventType "swiss"]
[EventRounds "11"]
[EventCountry "NOR"]
[SourceTitle "EXT 2005"]
[Source "ChessBase"]
[SourceDate "2004.11.15"]
[SourceVersion "1"]
[SourceVersionDate "2004.11.15"]
[SourceQuality "1"]

1. e4 e5 2. Nf3 d6 3. d4 exd4 4. Nxd4 c5 5. Nf3 h6 6. Nc3 a6 7. a4 Nc6 8. Bc4 Bg4 9. h3 Bxf3 10. Qxf3 Ne5 11. Qe2 Be7 12. Bd5 Rb8 13. 0-0 Nf6 14. b3 0-0 15. f4 Nxd5 16. Nxd5 Nc6 17. Qg4 Bf6 18. Rb1 Re8 19. f5 Ne5 20. Qg3 Bh4 21. Qe3 Bg5 22. Qg3 Bh4 23. Qe3 Bg5 24. Qf2 Bxc1 25. Rbxc1 f6 26. Qe2 Nc6 27. Rf4 Qd7 28. Qc4 Kh7 29. Qe2 Qf7 30. Qg4 Ne5 31. Qg3 Qh5 32. Nc7 Re7 33. Rh4 Qg5 34. Qxg5 fxg5 35. Nd5 Rbe8 36. Nxe7 gxh4 37. Nd5 Nc6 38. Nc3 Nd4 39. Kf2 Rf8 40. Ke3 g6 41. fxg6+ Kxg6 42. Nd5 Re8 43. Kd3 Rf8 44. Ne7+ Kh5 45. Ke3 Re8 46. Nd5 Kg5 47. Nc7 1/2-1/2

[Event "Fredrikstad CC-ch"]
[Site "Fredrikstad"]
[Date "2003.01.22"]
[Round "2"]
[White "Helgesen, Jack"]
[Black "Soliman, Thomas"]
[Result "1-0"]
[WhiteElo "1053"]
[BlackElo "849"]
[PlyCount "79"]
[EventDate "2003.01.??"]
[EventType "swiss"]
[EventRounds "11"]
[EventCountry "NOR"]
[SourceTitle "EXT 2005"]
[Source "ChessBase"]
[SourceDate "2004.11.15"]
[SourceVersion "1"]
[SourceVersionDate "2004.11.15"]
[SourceQuality "1"]

1. d4 e6 2. c4 d5 3. e3 c5 4. Nc3 cxd4 5. exd4 Bb4 6. Bd2 Bxc3 7. Bxc3 Nf6 8. Nf3 Nc6 9. Bd3 h6 10. 0-0 0-0 11. Re1 Re8 12. Re2 Qe7 13. h3 a5 14. b3 b6 15. Qd2 Bb7 16. Rae1 Rad8 17. Re3 Nb4 18. Bb1 Qd6 19. Ne5 Nc6 20. Rg3 Qc7 21. Qxh6 Nh5 22. Qxh5 Nxe5 23. Rxe5 f6 24. Qh7+ Kf8 25. Qh8+ Ke7 26. Qxg7+ Kd6 27. Qxf6 dxc4 28. Rg7 Qc8 29. b4 Bd5 30. Be4 Bxe4 31. Rxe4 Rd7 32. Qe5+ Kc6 33. bxa5 Rxg7 34. Qxg7 bxa5 35. Bxa5 Kb5 36. Qe5+ Ka4 37. Qc7 c3 38. d5+ Ka3 39. Qxc3+ Qxc3 40. Bxc3 1-0

[Event "Fredrikstad CC-ch"]
[Site "Fredrikstad"]
[Date "2002.01.09"]
[Round "1"]
[White "Kristiansen, Espen"]
[Black "Soliman, Thomas"]
[Result "1-0"]
[WhiteElo "1062"]
[BlackElo "941"]
[PlyCount "103"]
[EventDate "2002.01.??"]
[EventType "swiss"]
[EventRounds "11"]
[EventCountry "NOR"]
[SourceTitle "EXT 2005"]
[Source "ChessBase"]
[SourceDate "2004.11.15"]
[SourceVersion "1"]
[SourceVersionDate "2004.11.15"]
[SourceQuality "1"]

1. e4 e6 2. d4 d5 3. Nd2 Nc6 4. Ngf3 Bb4 5. c3 Bf8 6. Bb5 Bd7 7. 0-0 Be7 8. Re1 Na5 9. Qa4 c6 10. Bd3 c5 11. Qd1 c4 12. Bc2 Qc7 13. Ne5 b5 14. Ndf3 f6 15. Nxd7 Qxd7 16. e5 Bd8 17. exf6 Bxf6 18. Ne5 Qe7 19. Bf5 0-0-0 20. Nf3 Rd6 21. Bf4 Rb6 22. b4 Nb7 23. a4 g5 24. Bg3 Nh6 25. Bc2 Qf7 26. axb5 Nd6 27. Ne5 Bxe5 28. Bxe5 Rf8 29. Bg3 Nxb5 30. Qd2 Qf6 31. Ba4 Nd6 32. Bc2 Rf7 33. Re3 Nhf5 34. Rf3 Ne4 35. Bxe4 dxe4 36. Be5 Qg6 37. Re3 Nxe3 38. Qxe3 h5 39. Qe2 Kb7 40. Qxc4 g4 41. Qe2 Qg5 42. Qxe4+ Kc8 43. Qa8+ Kd7 44. Qxa7+ Kc6 45. Qxf7 Kd5 46. Qd7+ Ke4 47. Qh7+ Kd5 48. Qd3 h4 49. c4+ Kc6 50. b5+ Kd7 51. Qh7+ Qe7 52. Ra7+ 1-0